| 000 | 01989cas a2200421 a 4500 | ||
|---|---|---|---|
| 001 | 11441590 | ||
| 005 | 20180206043935.0 | ||
| 008 | 930811c19829999nyuar l 0 a0eng c | ||
| 010 |
_a 94651208 _z 92072059 _z 94076324 _z 96076111 |
||
| 022 | 0 |
_a1074-4150 _21 |
|
| 035 | _a(OCoLC)ocm28617508 | ||
| 040 |
_aFSL _beng _cFSL _dDLC _dNSD _dDLC _dNSD _dDLC _dHVL _dOCLCG _dOCLCA _dOCLCQ _dDLC _dUTV _dOCLCF _dOCLCO _dYDXCP _dYLS _dOCL _dLRP _dOCLCQ |
||
| 041 | _aeng | ||
| 042 |
_apcc _ansdp |
||
| 043 | _an-us--- | ||
| 080 | _a347.73 | ||
| 082 | 0 | 0 |
_a347.73 YEA _a347.307 _220 |
| 100 | _a14 | ||
| 101 | _aSHJ | ||
| 210 | 0 | _aFed. rules civil proced. sel. statut. cases | |
| 222 | 0 | _aFederal rules of civil procedure with selected statutes and cases | |
| 240 | 1 | 0 | _aFederal rules of civil procedure |
| 245 | 1 | 0 | _aFederal rules of civil procedure with selected statutes and cases. |
| 246 | 1 |
_iIssues for <2012-> have title: _aFederal rules of civil procedure with selected rules and statutes |
|
| 246 | 1 |
_iSome vols. have title (varies slightly): _aFederal rules of civil procedure with selected statutes |
|
| 246 | 1 | _aLanders and Martin federal rules of civil procedure with selected statutes and cases | |
| 246 | 1 |
_aFederal rules of civil procedure with selected statutes, cases, and other materials _f2007 |
|
| 310 | _aAnnual | ||
| 362 | 0 | _a1982- | |
| 550 | _aPromulgated and amended by the United States Supreme Court. | ||
| 590 | _aSERBIB/SERLOC merged record | ||
| 776 | 0 | 8 |
_iOnline version: _aUnited States. Supreme Court. _tFederal rules of civil procedure _w(OCoLC)741490334 |
| 906 |
_a7 _bcbc _cserials _du _encip _f19 _gn-oclcserc |
||
| 942 |
_2ddc _cBK |
||
| 999 |
_c41903 _d41903 |
||